KOHA-Header-6

Health Psychology (Record no. 13608)

000 -LEADER
fixed length control field 00353nam a22001457a 4500
020 ## - INTERNATIONAL STANDARD BOOK NUMBER
ISBN 978-1-260-57539-2
082 ## - DEWEY DECIMAL CLASSIFICATION NUMBER
Classification number 613.1
Item number TAY
100 ## - MAIN ENTRY--AUTHOR NAME
Personal name Shelley E. Taylor
245 ## - TITLE STATEMENT
Title Health Psychology
250 ## - EDITION STATEMENT
Edition statement 11th ed.
260 ## - PUBLICATION, DISTRIBUTION, ETC. (IMPRINT)
Place of publication New York
Name of publisher MC Graw Hill
Year of publication 2021
300 ## - PHYSICAL DESCRIPTION
Number of Pages 474 Pages
650 ## - SUBJECT ADDED ENTRY--TOPICAL TERM
Topical Term Psychology, Health, Health Psychology
942 ## - ADDED ENTRY ELEMENTS (KOHA)
Koha item type Books
Holdings
Withdrawn status Lost status Collection code Permanent Location Current Location Shelving location Date acquired Full call number Accession Number Koha item type
    Psychology MAJU MAJU Shelf No.A35 2022-12-22 613.1 TAY 10663 Books

Powered by Koha